Historia de la estética.
-д хадгалсан:
| Үндсэн зохиолч: | |
|---|---|
| Бусад зохиолчид: | , , |
| Формат: | Ном |
| Хэл сонгох: | испани |
| Хэвлэсэн: |
Madrid, España:
Akal,
2000.
|
| Хэвлэл: | 2a. edición. |
| Цуврал: | Arte y Estética ;
|
| Нөхцлүүд: | |
| Шошгууд: |
Шошго нэмэх
Шошго байхгүй, Энэхүү баримтыг шошголох эхний хүн болох!
|
MARC
| LEADER | 00000cam a2200000 a 4500 | ||
|---|---|---|---|
| 001 | UCG8119 | ||
| 003 | CL-VaPUC | ||
| 005 | 20250407202431.0 | ||
| 008 | 111124e20000000SP |||||||||||||||||spa|d | ||
| 999 | |c 345756 |d 345754 | ||
| 020 | |a 84-760-240-8 | ||
| 020 | |a 9788476002407 | ||
| 040 | |c Pontificia Universidad Católica de Valparaíso | ||
| 082 | 0 | 4 | |a 701.17 TAT 2000 |2 21 |
| 100 | 0 | |a Tatarkiewicz, Wladyslaw |e autor |9 559004 | |
| 245 | 1 | 0 | |a Historia de la estética. |
| 250 | |a 2a. edición. | ||
| 260 | |a Madrid, España: |b Akal, |c 2000. | ||
| 300 | |a 3 volúmenes. | ||
| 490 | 0 | |a Arte y Estética ; |n 15. | |
| 500 | |a v.I.c.2. Instituto Arcos 8-1-2025 | ||
| 505 | |a v.I: La estética antigua | ||
| 583 | |a last modification |c 20111124 10:34:00 |k Rodrigo Vera | ||
| 650 | 0 | |a Estética |9 264950 | |
| 650 | 0 | |a Historia del arte |9 314877 | |
| 650 | 0 | |a Filosofía del arte |9 264951 | |
| 700 | |a Kurzyca, Danuta |e traducción del polaco |9 896731 | ||
| 700 | |a Mariño Sanchez-Elvira, Rosa María |e traducción del latín y griego |9 896732 | ||
| 700 | |a García Romero, Fernando |e traducción del latín y griego |9 896733 | ||
| 942 | |c BK |2 ddc |n 0 | ||
| 945 | |d 20111124 00:00:00 |a cmena | ||
| 952 | |0 0 |1 0 |4 0 |6 701_170000000000000_TAT_2000 |7 0 |8 F |9 445998 |a BIBEDU |b BIBEDU |d 2019-11-22 |h v.1 |i 4804937 |o 701.17 TAT 2000 |p 4804937 |r 2019-11-22 |w 2019-11-22 |y BK_F |k FIL | ||
| 952 | |0 0 |1 0 |2 ddc |4 0 |6 701_170000000000000_TAT_2000 |7 0 |8 A |9 601124 |a BIBINC |b BIBINC |d 2025-03-12 |e Instituto Arcos |h v.I |i 5665998 |o 701.17 TAT 2000 |p 5665998 |r 2025-03-12 |t 2 |w 2025-03-12 |y BK |k IFP | ||